00971nam a2200217 a 450000100100000000500170001000800410002702000150006804000250008310000360010824501290014426000670027330000350034049000190037550400730039471000720046771000660053983000260060595201050063199900170073600004278520201002040409.0140210s2004 sp ab 000 0 spa d a8400082524 aDO-SdBNPbspacBNPHU1 aMartínez- Pinna, Jorge97013010aTusculum latina :baproximación histórica a una ciudad del antiguo Lacio (siglos VI-IV a. C.) /cJorge Martínez-Pinna. aRoma :bEscuela Española de Historia y Arqueología,c2004. a230 p. :bil., mapas ;c25 cm.1 aHistóricav4 aIncluye referencias bibliográficas y notas al pie de las páginas2 aConsejo Superior de Investigaciones Científicas (España)9151782 aEscuela Española de Historia y Arqueología en Roma965401 0aHistóricav4970131 001050718MOaGRbGRcCTd2014-02-10iLF1l0o p42785-10r2020-06-25w2020-06-25y1ZNo se presta c42274d42274